000 00383nam a2200157Ia 4500
008 230711s9999||||xx |||||||||||||| ||und||
041 _aENG
082 _a624
_bSE-E
100 _aSeemayer,Norbert H.
245 0 _aEnvironmental hygiene ii
250 _a1st . Ed.
260 _c1990
_aNew Delhi
_bSpringer
650 _aCivil Engineering
700 _aHadnagy,Wolfgang
942 _cBK
999 _c3550
_d3550